<?xml version="1.0" encoding="UTF-8"?>
<record
    xmlns:xsi="http://www.w3.org/2001/XMLSchema-instance"
    xsi:schemaLocation="http://www.loc.gov/MARC21/slim http://www.loc.gov/standards/marcxml/schema/MARC21slim.xsd"
    xmlns="http://www.loc.gov/MARC21/slim">

  <leader>01155nam a22002417a 4500</leader>
  <controlfield tag="003">Uzh_bibl</controlfield>
  <controlfield tag="008">240306b        |||||||| |||| 00| 0 ukr d</controlfield>
  <datafield tag="020" ind1=" " ind2=" ">
    <subfield code="a">978-966-10-3005-2</subfield>
    <subfield code="c">110.00</subfield>
  </datafield>
  <datafield tag="040" ind1=" " ind2=" ">
    <subfield code="b">&#x443;&#x43A;&#x440;.</subfield>
  </datafield>
  <datafield tag="041" ind1=" " ind2=" ">
    <subfield code="2">ukr</subfield>
    <subfield code="a">ukr</subfield>
  </datafield>
  <datafield tag="080" ind1=" " ind2=" ">
    <subfield code="a">821(477)</subfield>
  </datafield>
  <datafield tag="090" ind1=" " ind2=" ">
    <subfield code="a">821(477)</subfield>
    <subfield code="b">&#x41B; 48</subfield>
  </datafield>
  <datafield tag="100" ind1=" " ind2=" ">
    <subfield code="a">&#x41B;&#x435;&#x43F;&#x43A;&#x438;&#x439;,&#x411;&#x43E;&#x433;&#x434;&#x430;&#x43D;</subfield>
  </datafield>
  <datafield tag="245" ind1=" " ind2=" ">
    <subfield code="a">&#x41A;&#x430;&#x437;&#x43A;&#x438;</subfield>
    <subfield code="c">&#x445;&#x443;&#x434;&#x43E;&#x436;.&#x41D;.&#x421;&#x43E;&#x431;&#x43A;&#x43E;&#x432;&#x438;&#x447;</subfield>
    <subfield code="h">&#x422;&#x435;&#x43A;&#x441;&#x442;</subfield>
  </datafield>
  <datafield tag="260" ind1=" " ind2=" ">
    <subfield code="a">&#x422;&#x435;&#x440;&#x43D;&#x43E;&#x43F;&#x456;&#x43B;&#x44C;</subfield>
    <subfield code="b">&#x411;&#x43E;&#x433;&#x434;&#x430;&#x43D;</subfield>
    <subfield code="c">2012</subfield>
  </datafield>
  <datafield tag="300" ind1=" " ind2=" ">
    <subfield code="a">96 &#x441;.</subfield>
    <subfield code="b">&#x456;&#x43B;.</subfield>
    <subfield code="f">&#x412; &#x43E;&#x43F;&#x440;.</subfield>
  </datafield>
  <datafield tag="520" ind1=" " ind2=" ">
    <subfield code="a">&#x412; &#x43E;&#x441;&#x43D;&#x43E;&#x432;&#x456; &#x43A;&#x43E;&#x436;&#x43D;&#x43E;&#x457; &#x43A;&#x430;&#x437;&#x43A;&#x438; &#x43B;&#x435;&#x436;&#x438;&#x442;&#x44C; &#x437;&#x430;&#x445;&#x43E;&#x43F;&#x43B;&#x44E;&#x44E;&#x447;&#x430; &#x440;&#x43E;&#x437;&#x43F;&#x43E;&#x432;&#x456;&#x434;&#x44C; &#x43F;&#x440;&#x43E; &#x432;&#x438;&#x433;&#x430;&#x434;&#x430;&#x43D;&#x456; &#x43F;&#x43E;&#x434;&#x456;&#x457; &#x456; &#x44F;&#x432;&#x438;&#x449;&#x430;, &#x44F;&#x43A;&#x456; &#x441;&#x43F;&#x440;&#x438;&#x439;&#x43C;&#x430;&#x44E;&#x442;&#x44C;&#x441;&#x44F; &#x456; &#x43F;&#x435;&#x440;&#x435;&#x436;&#x438;&#x432;&#x430;&#x44E;&#x442;&#x44C;&#x441;&#x44F; &#x43D;&#x430;&#x447;&#x435; &#x440;&#x435;&#x430;&#x43B;&#x44C;&#x43D;&#x456;. &#x412;&#x43E;&#x43D;&#x438; &#x43C;&#x430;&#x44E;&#x442;&#x44C; &#x43F;&#x456;&#x437;&#x43D;&#x430;&#x432;&#x430;&#x43B;&#x44C;&#x43D;&#x435;, &#x43C;&#x43E;&#x440;&#x430;&#x43B;&#x44C;&#x43D;&#x43E;-&#x435;&#x442;&#x438;&#x447;&#x43D;&#x435;, &#x441;&#x43E;&#x446;&#x456;&#x430;&#x43B;&#x44C;&#x43D;&#x43E;-&#x432;&#x438;&#x445;&#x43E;&#x432;&#x43D;&#x435;, &#x440;&#x43E;&#x437;&#x432;&#x430;&#x436;&#x430;&#x43B;&#x44C;&#x43D;&#x435; &#x442;&#x430; &#x435;&#x441;&#x442;&#x435;&#x442;&#x438;&#x447;&#x43D;&#x435; &#x437;&#x43D;&#x430;&#x447;&#x435;&#x43D;&#x43D;&#x44F;.</subfield>
  </datafield>
  <datafield tag="521" ind1=" " ind2=" ">
    <subfield code="a">&#x414;&#x43B;&#x44F; &#x43C;&#x43E;&#x43B;&#x43E;&#x434;&#x448;&#x43E;&#x433;&#x43E; &#x448;&#x43A;&#x456;&#x43B;&#x44C;&#x43D;&#x43E;&#x433;&#x43E; &#x432;&#x456;&#x43A;&#x443;</subfield>
  </datafield>
  <datafield tag="546" ind1=" " ind2=" ">
    <subfield code="a">&#x443;&#x43A;&#x440;.</subfield>
  </datafield>
  <datafield tag="650" ind1=" " ind2=" ">
    <subfield code="a">&#x41B;&#x456;&#x442;&#x435;&#x440;&#x430;&#x442;&#x443;&#x440;&#x43D;&#x43E;-&#x445;&#x443;&#x434;&#x43E;&#x436;&#x43D;&#x435; &#x432;&#x438;&#x434;&#x430;&#x43D;&#x43D;&#x44F;</subfield>
  </datafield>
  <datafield tag="655" ind1=" " ind2=" ">
    <subfield code="a">&#x414;&#x438;&#x442;&#x44F;&#x447;&#x430; &#x43B;&#x456;&#x442;&#x435;&#x440;&#x430;&#x442;&#x443;&#x440;&#x430;</subfield>
    <subfield code="v">&#x43A;&#x430;&#x437;&#x43A;&#x438;</subfield>
  </datafield>
  <datafield tag="942" ind1=" " ind2=" ">
    <subfield code="2">udc</subfield>
    <subfield code="c">BK</subfield>
  </datafield>
  <datafield tag="999" ind1=" " ind2=" ">
    <subfield code="c">9062</subfield>
    <subfield code="d">9062</subfield>
  </datafield>
  <datafield tag="952" ind1=" " ind2=" ">
    <subfield code="0">0</subfield>
    <subfield code="1">0</subfield>
    <subfield code="2">udc</subfield>
    <subfield code="4">0</subfield>
    <subfield code="7">0</subfield>
    <subfield code="a">MBdD</subfield>
    <subfield code="b">MBdD</subfield>
    <subfield code="c">CHS</subfield>
    <subfield code="d">2024-02-23</subfield>
    <subfield code="e">&#x41F;&#x43E;&#x434;&#x430;&#x440;&#x43E;&#x432;&#x430;&#x43D;&#x456;</subfield>
    <subfield code="i">78222</subfield>
    <subfield code="o">821(477)</subfield>
    <subfield code="p">10844</subfield>
    <subfield code="r">2024-03-06</subfield>
    <subfield code="w">2024-03-06</subfield>
    <subfield code="y">BK</subfield>
  </datafield>
</record>
